| 000 | 01210 a2200325 4500 | ||
|---|---|---|---|
| 003 | OSt | ||
| 005 | 20180116192328.0 | ||
| 008 | 110809t xxu||||| |||| 00| 0 eng d | ||
| 010 | _a 2008014415 | ||
| 020 | _a0071494375 (alk. paper) | ||
| 020 | _a9780071494373 (alk. paper) | ||
| 035 | _a(OCoLC)ocn218191328 | ||
| 035 | _a(OCoLC)218191328 | ||
| 040 | _c0 | ||
| 082 | 0 | 0 | _a690 |
| 245 | 0 | 0 |
_aLand development handbook : _bplanning, engineering, and surveying / _cDewberry ; editor-in-chief, Sidney O. Dewberry; coordinating editor, Lisa N. Rauenzahn. |
| 250 | _a3rd ed. | ||
| 260 |
_aNew York : _bMcGraw-Hill, _cc2008. |
||
| 300 |
_axxxii, 1135 p., [15] p. of plates : _bill. (some col.), maps, plans (some col.) ; _c29 cm. |
||
| 500 | _aIncludes index | ||
| 650 | 0 |
_aSurveying _914 |
|
| 650 | 0 |
_aReal estate development _xPlanning _915 |
|
| 650 | 0 |
_aEngineering geology _916 |
|
| 700 | 1 |
_aDewberry, Sidney O. _917 |
|
| 700 | 1 |
_aRauenzahn, Lisa N. _918 |
|
| 710 | 2 |
_aDewberry Companies. _919 |
|
| 856 | 4 | 1 |
_3Table of contents only _uhttp://www.loc.gov/catdir/toc/ecip0814/2008014415.html |
| 942 |
_aSADA _cBK _kREF 690 LAN 2008 _2ddc |
||
| 999 |
_c352280 _d352280 |
||